000 01750cam a22004814i 4500
003 PE-LiUPU
005 20250731172917.0
008 150617s r 000 0 d
020 _a8429308342
035 _a(Sirsi) i9788429308341
040 _aPE-LiUPU
_bspa
_cPE-LiUPU
_erda
049 _aPRUA
082 0 4 _a261.83
_bD97
_221
100 1 _aDuquoc, Christian,
_d1926- ,
_eautor.
245 1 0 _aLiberación y progresismo :
_bUn diálogo teológico entre América Latina y Europa /
_cChristian Duquoc, [traducción, Alfonso Ortiz García].
264 1 _aSantander :
_bEditorial Sal Terrae,
_c1989.
300 _a132 páginas ;
_c22 centímetros
336 _atext
_2rdacontent
337 _aunmediated
_2rdamedia
338 _avolume
_2rdacarrier
490 0 _aPresencia Teológica ;
_v57
504 _anotas bibliográficas.
505 0 _aEl desafío eclesial -- La opción por los pobres -- La precedencia de la praxis -- La riqueza del marxismo -- La esperanza mesiánica -- La unidad de la historia -- Libertad y liberación.
526 _aSEG42
526 _aSEG41
526 _aSEG40
526 _aSEG39
526 _aP94
526 _aP87
526 _aP86
526 _aP85
526 _aP77
526 _aP76
526 _aP35
650 0 4 _aTeología.
910 _ajck
_bjvq
_cjck
_d20150616
942 _2ddc
_cBOOK
949 _a261.83 D97
_wDEWEY
_c1
_i32553
_lCCODEBUL1
_mBUL
_r0
_sY
_tBOOK
_u2015-6-17
_xTEOLOGIA
_PP35
_0COMPRA
_o.STAFF. Colección General
994 _aC0
_bPEPRU
596 _a1
999 _a261.83 D97
_wDEWEY
_c18671
_i32553
_f2021-11-12
_g5
_lCCODEBUL1
_mBUL
_r0
_sY
_tBOOK
_u2015-6-17
_xTEOLOGIA
_PP35
_0COMPRA
_o.STAFF. Colección General
_d18671
980 _81
_gALBERTO SANCHEZ Responsable de Automatización